PCs all-in-one for dummies (Record no. 12908)
[ view plain ]
| 000 -LEADER | |
|---|---|
| fixed length control field | 01221nam a2200349 a 4500 |
| 082 04 - DEWEY DECIMAL CLASSIFICATION NUMBER | |
| Classification number | 004.16 |
| 100 1# - MAIN ENTRY--AUTHOR NAME | |
| Personal name | Chambers, Mark L. |
| 245 10 - TITLE STATEMENT | |
| Title | PCs all-in-one for dummies |
| 250 ## - EDITION STATEMENT | |
| Edition statement | 6th ed. |
| 260 ## - PUBLICATION, DISTRIBUTION, ETC. (IMPRINT) | |
| Place of publication | Hoboken, N.J. : |
| Name of publisher | Wiley, |
| Year of publication | 2013. |
| 300 ## - PHYSICAL DESCRIPTION | |
| Number of Pages | xxiv, 696 p. : |
| Other physical details | col. ill. |
| 490 1# - SERIES STATEMENT | |
| Series statement | --For dummies |
| 500 ## - GENERAL NOTE | |
| General note | Includes index. |
| 650 #0 - SUBJECT ADDED ENTRY--TOPICAL TERM | |
| Topical Term | Microcomputers. |
| 856 40 - ELECTRONIC LOCATION AND ACCESS | |
| Uniform Resource Identifier | http://site.ebrary.com/lib/rucke/Doc?id=10684940 |
No items available.
